100 tula na nakatutuwa (Record no. 10060)

MARC details
000 -LEADER
fixed length control field 00483nam a22001697a 4500
003 - CONTROL NUMBER IDENTIFIER
control field OSt
005 - DATE AND TIME OF LATEST TRANSACTION
control field 20260430014219.0
008 - FIXED-LENGTH DATA ELEMENTS--GENERAL INFORMATION
fixed length control field 260430b |||||||| |||| 00| 0 eng d
020 ## - INTERNATIONAL STANDARD BOOK NUMBER
International Standard Book Number 971-8970-60-6.
040 ## - CATALOGING SOURCE
Original cataloging agency DWC-Main Lib.
Transcribing agency OC
082 ## - DEWEY DECIMAL CLASSIFICATION NUMBER
Classification number Res. 818.008 Si39t 1997
100 ## - MAIN ENTRY--PERSONAL NAME
Personal name Silverio, Julio F.
245 ## - TITLE STATEMENT
Title 100 tula na nakatutuwa
Remainder of title (unang aklat)/
Statement of responsibility, etc. Julio F. Silverio
260 ## - PUBLICATION, DISTRIBUTION, ETC.
Name of publisher, distributor, etc. M&L Licudine Ent.
300 ## - PHYSICAL DESCRIPTION
Extent 107 p. ;
Dimensions 18 cm.
942 ## - ADDED ENTRY ELEMENTS (KOHA)
Source of classification or shelving scheme Dewey Decimal Classification
Koha item type Book- Reserved
Classification part Res.
Suppress in OPAC No
952 ## - LOCATION AND ITEM INFORMATION (KOHA)
--
952 ## - LOCATION AND ITEM INFORMATION (KOHA)
--
952 ## - LOCATION AND ITEM INFORMATION (KOHA)
--
952 ## - LOCATION AND ITEM INFORMATION (KOHA)
--
Holdings
Withdrawn status Lost status Source of classification or shelving scheme Damaged status Not for loan Home library Current library Shelving location Date acquired Source of acquisition Cost, normal purchase price Total Checkouts Full call number Barcode Date last seen Copy number Price effective from Koha item type Uniform Resource Identifier
    Dewey Decimal Classification     College Library College Library Reserved 01/30/2003 School Fund 112.00   Res. 818.008 Si39t 1997 CL36673 04/30/2026 c1 04/30/2026 BK-0 CIRC
    Dewey Decimal Classification     College Library College Library Reserved 01/30/2003 School Fund 112.00   Res. 818.008 Si39t 1997 CL36675 04/30/2026 c3 04/30/2026 BK-0 CIRC
    Dewey Decimal Classification     College Library College Library Reserved 01/30/2003 School Fund 112.00   Res. 818.008 Si39t 1997 CL36676 04/30/2026 c4 04/30/2026 BK-0 CIRC
    Dewey Decimal Classification     College Library College Library Reserved 01/30/2003   0.00   Res. 818.008 Si39t 1997 CL37892 04/30/2026 c7 04/30/2026 BK-0 CIRC